Write Words Backwords - Statistics

General Stats
  • This quiz has been taken 48 times
    8 since last reset
  • The average score is 26 of 30
Answer Stats
Word droW % Correct
Santa atnaS
100%
CiviC CiviC
100%
Land dnaL
100%
Land dnaL
100%
Life efiL
100%
Change egnahC
100%
Smile elimS
100%
Palindrome emordnilaP
100%
Drive evirD
100%
Love evoL
100%
Laugh hguaL
100%
Hawaii iiawaH
100%
KayaK KayaK
100%
Punk knuP
100%
LeveL LeveL
100%
Common nommoC
100%
Lantern nretnaL
100%
Known nwonK
86%
Oreo oerO
86%
Other rehtO
86%
User resU
71%
Words sdroW
71%
Liars sraiL
71%
Jet teJ
71%
TeneT TeneT
71%
Knight thginK
57%
List tsiL
57%
Happy yppaH
57%
Crazy yzarC
57%
Quiz ziuQ
57%
No matching quizzes found
Score Distribution
Percent of People with Each Score
Percentile by Number Answered
Your Score History
You have not taken this quiz since the last reset